| 000 | 00430nam a22001697a 4500 | ||
|---|---|---|---|
| 005 | 20260113152026.0 | ||
| 020 | _a9780486640396 | ||
| 100 |
_aBishop, Richard L _97869 |
||
| 245 | _aTensor analysis on manifolds | ||
| 260 |
_aNew York _bDover _c1980 |
||
| 300 | _aviii+280 | ||
| 650 |
_aSet theory _9752 |
||
| 650 |
_aTopology _91200 |
||
| 650 |
_aVector analysis _97870 |
||
| 700 |
_aGoldberg, Samuel L _97871 |
||
| 942 |
_2ddc _cBK |
||
| 999 |
_c755044 _d755044 |
||